Wojska Specjalne w Polsce - Statystyki

Ogólne statystyki
  • Ten quiz został rozwiązany 70 razy
  • Średni wynik to 4 z 6
Statystyki odpowiedzi
Hint Odpowiedź % Poprawnych
2 Jednostka Wojskowa GROM
98%
5 Jednostka Wojskowa Formoza
75%
3 Jednostka Wojskowa AGAT
73%
1 Jednostka Wojskowa Komandosów
55%
4 Jednostka Wojskowa Nil
54%
6 7 Eskadra Działań Specjalnych
16%
Nie znaleziono quizów pasujących do podanych kryteriów
Rozkład punktacji
Procent ludzi z każdym wynikiem
Percentyl według liczby udzielonych odpowiedzi
Twoja historia wyników
Nie rozwiązałeś tego quizu